| 000 | 00793nam a2200301Ia 4500 | ||
|---|---|---|---|
| 008 | 170203s9999 xx 000 0 und d | ||
| 020 | _a0-394800028 | ||
| 050 | _aFic | ||
| 050 | _bSe496t | ||
| 100 | _aSeuss, Dr. | ||
| 245 | 4 | _aThe Cat in the hat comes back! / | |
| 245 | _cby Dr. Seuss [pseudonym]. | ||
| 260 | _aNew York : Beginner Books : | ||
| 260 | _bDistributed by Random House, | ||
| 260 | _c©1958. | ||
| 300 | _a61 pages : | ||
| 300 | _bcolor illustrations ; | ||
| 300 | _c24 cm. | ||
| 440 | _aI can read it all by myself. | ||
| 650 | _aCats -- | ||
| 650 | _aCleaning -- | ||
| 650 | _aSnow removal -- | ||
| 650 | _aWit and humor, | ||
| 650 | _xJuvenile poetry. | ||
| 650 | _xJuvenile poetry. | ||
| 650 | _xJuvenile poetry. | ||
| 650 | _xJuvenile. | ||
| 999 |
_c306456 _d306456 |
||